Statistics for Mystery Taylor Swift Song #7

Click here to take the quiz!

General Stats

  • This quiz has been taken 1,624 times
    (1,374 since last reset)
  • The average score is 54 of 151

Answer Stats

Song% Correct
you
94%
I
92%
a
88%
the
88%
love
86%
me
81%
we
75%
And
74%
in
72%
In
72%
your
72%
do
70%
Fearless
70%
To
70%
When
69%
on
65%
it
64%
my
64%
is
63%
of
62%
with
62%
so
61%
that
61%
for
59%
I'm
59%
were
55%
don't
53%
can
52%
This
52%
all
51%
what
51%
know
50%
was
50%
there
49%
say
48%
she
48%
why
48%
But
47%
it's
47%
night
47%
are
46%
not
46%
want
46%
if
45%
at
43%
said
43%
see
41%
tell
41%
up
41%
white
41%
can't
40%
'Cause
40%
time
39%
door
37%
had
37%
side
37%
back
36%
other
36%
look
35%
out
35%
I'll
34%
need
34%
I've
33%
baby
30%
from
30%
here
30%
Leave
30%
rain
30%
really
30%
car
29%
down
29%
little
29%
Oh
29%
stay
29%
everything
28%
make
28%
stand
28%
over
27%
scream
27%
dress
26%
eyes
26%
more
26%
pourin'
26%
The Other Side of the Door
26%
you've
26%
away
25%
fight
25%
heat
25%
mad
25%
Screamin'
25%
after
24%
couldn't
24%
even
24%
walked
24%
window
24%
yeah
24%
lies
23%
outside
23%
things
23%
Wait
23%
beautiful
22%
black
22%
comin'
22%
enough
22%
Goin'
22%
pebbles
22%
sayin'
22%
throwin'
22%
wanted
22%
words
22%
face
21%
mean
21%
nothing
21%
phone
21%
times
21%
alone
20%
broke
20%
conversation
20%
crying
20%
Ignorin'
20%
left
20%
might
20%
remember
20%
right
20%
stupid
20%
There's
20%
babe
19%
called
19%
closer
19%
mess?
19%
must
19%
picture
19%
through
19%
again
18%
both
18%
confess
18%
hundred
18%
picking
18%
pride
18%
sittin'
18%
faded
17%
keep
17%
stairs
17%
worth
17%
chase
16%
starin'
16%
carried
15%
misread
15%
photographs
15%
slamming
15%
Tryna
14%

Score Distribution

Percentile by Number Answered

Percent of People with Each Score

Your Score History

You have not taken this quiz since the last reset